书目信息 |
| 题名: |
知识产权典型案例评析
|
|
| 作者: | 袁杰 , 张晓霞 主编 | |
| 分册: | ||
| 出版信息: | 北京 知识产权出版社 2017 |
|
| 页数: | 365页 | |
| 开本: | 26cm | |
| 丛书名: | ||
| 单 册: | ||
| 中图分类: | D923.405 | |
| 科图分类: | ||
| 主题词: | 知识产权法--案例--中国 | |
| 电子资源: | ||
| ISBN: | 978-7-5130-5154-5 | |
| 000 | 00944nam0 2200253 450 | |
| 001 | 012001005263 | |
| 005 | 20141212154709.0 | |
| 010 | @a978-7-5130-5154-5@dCNY54.00 | |
| 100 | @a20181129d2017 em y0chiy50 ea | |
| 101 | 0 | @achi |
| 102 | @aCN@b110000 | |
| 105 | @ay z 000yy | |
| 106 | @ar | |
| 200 | 1 | @a知识产权典型案例评析@9zhi shi chan quan dian xing an li ping xi@f袁杰,张晓霞主编 |
| 210 | @a北京@c知识产权出版社@d2017 | |
| 215 | @a365页@d26cm | |
| 314 | @a本书作者为北京知识产权法院法官。他们结合实际审判案例,进行了详细的法理阐释。 | |
| 330 | @a本书以案例为切入点,甄选了专利、商标、著作权、不正当竞争领域有代表性的案件,对其争议要点及涉及的法律问题如抽丝剥茧般层层展开,条分缕析,分析深入浅出,鞭辟入里。 | |
| 606 | 0 | @a知识产权法@x案例@y中国 |
| 690 | @aD923.405@v5 | |
| 701 | 0 | @a袁杰@9yuan jie@4主编 |
| 701 | 0 | @a张晓霞@9zhang xiao xia@4主编 |
| 801 | 0 | @aCN@b江苏凤凰@c20191020 |
| 905 | @b1207676-8@dD923.405@e2118@f3 | |
| 知识产权典型案例评析/袁杰,张晓霞主编.-北京:知识产权出版社,2017 |
| 365页;26cm |
| ISBN 978-7-5130-5154-5:CNY54.00 |
| 本书以案例为切入点,甄选了专利、商标、著作权、不正当竞争领域有代表性的案件,对其争议要点及涉及的法律问题如抽丝剥茧般层层展开,条分缕析,分析深入浅出,鞭辟入里。 |
| ● |
| 相关链接 |
|
|
|
|
正题名:知识产权典型案例评析
索取号:D923.405/2118
 
预约/预借
| 序号 | 登录号 | 条形码 | 馆藏地/架位号 | 状态 | 备注 |
| 1 | 1207676 | 212076769 | 第一样本阅览室/ [索取号:D923.405/2118] | 在馆 | |
| 2 | 1207677 | 212076778 | 教育系资料室/ [索取号:D923.405/2118] | 在馆 | |
| 3 | 1207678 | 212076787 | 第一借阅区/ [索取号:D923.405/2118] | 在馆 |